| 000 | 00558cam a2200217ua 4500 | ||
|---|---|---|---|
| 020 |
_a81-85076-59-6 _c250.00 |
||
| 041 |
_aeng _h |
||
| 082 |
_a658.3 _bSUB/HU |
||
| 100 |
_aSubha Rao, P . _95929 |
||
| 245 |
_aHuman Resource Management: Environmental influence / _cSubha Rao P. _hTextual Documents |
||
| 250 |
_a1 / _b. |
||
| 260 |
_aAlahabad : _bChigh Publications , _c1989. |
||
| 300 | _a299 ; . | ||
| 365 | _a250.00 | ||
| 504 | _a | ||
| 650 |
_aHuman Resource Management _93244 |
||
| 942 | _cBK | ||
| 999 |
_c24 _d24 |
||
| 003 | @ | ||
| 003 | OSt | ||